| 000 | 01855cam a2200349 i 4500 | ||
|---|---|---|---|
| 001 | 17686975 | ||
| 005 | 20221226110004.0 | ||
| 008 | 130405s2013 mdu b 001 0 eng | ||
| 010 | _a 2013009955 | ||
| 020 | _a9781442223127 (hbk. : alk. paper) | ||
| 020 | _z9781442223134 (electronic) | ||
| 040 |
_aDLC _beng _cDLC _erda _dDLC |
||
| 042 | _apcc | ||
| 050 | 0 | 0 |
_aKZ5825.3 _b.G47 2013 |
| 082 | 0 | 0 |
_a341.735,GER _223 |
| 100 | 1 |
_aGerstein, Daniel M., _d1958- _9105879 |
|
| 245 | 1 | 0 |
_aNational security and arms control in the age of biotechnology : _bthe Biological and Toxin Weapons Convention / _cDaniel M. Gerstein. |
| 264 | 1 |
_aLanham : _bRowman & Littlefield Publishers, Inc., _c[2013] |
|
| 300 |
_axvii, 234 pages ; _c24 cm |
||
| 336 |
_atext _2rdacontent |
||
| 337 |
_aunmediated _2rdamedia |
||
| 338 |
_avolume _2rdacarrier |
||
| 505 | _aIntroduction (Page-xi), The Road to the Biological Weapons Convention (Page-1), Biotechnology and Its Implications for the BWC (Page-29), Ten Reasons Why the BWC Matters (Page-53), Into the Abyss: The Articles of the Convention (Page-85), The BWC Review Conferences (RevCon) and Special Reviews (Page-103), To Verify or Not to Verify (Page-125), The Future of the BWC (Page-145), Conclusions and the Way Forward (Page-173), Notes (Page-211). | ||
| 630 | 0 | 0 |
_aConvention on the Prohibition of the Development, Production, and Stockpiling of Bacteriological (Biological) and Toxin Weapons and on Their Destruction _d(1972) _985801 |
| 650 | 0 |
_aBiotechnology _xLaw and legislation _9105880 |
|
| 650 | 0 |
_aBiological arms control. _985799 |
|
| 650 | 0 |
_aNational security _xLaw and legislation _9105881 |
|
| 650 | 0 |
_aBiological warfare (International law) _937139 |
|
| 906 |
_a7 _bcbc _corignew _d1 _eecip _f20 _gy-gencatlg |
||
| 942 |
_2ddc _cBK _k341.735,GER |
||
| 999 |
_c592805 _d592805 |
||